000 00758nam a2200253Ia 4500
003 OSt
005 20220924125144.0
006 a|||||r|||| 00| 0
007 ta
008 220923b |||||||| |||| 00| 0 san d
024 _a74213
037 _cTextual
040 _aARTS
_cARTS
_bsan
041 _2san
_asan
082 _aR64x1,1,1, 15L6
100 _aJaimini
_982167
245 0 _aMimamsa - darshan comm Vaidya Nath and Sabara rev. Kashinatha Vasudeva Abhyankar and Ambadas Joshi
260 _aPoona
_bAnanda Ashrama
_c1976
300 _a126p.
_ccm.
490 _aAnandashrma sanskrit granthavali; 97
650 _aPURVA MIMAMSA PHILOSOPHY
942 _hR64x1,1,1, 15L6
_cTEXL
_2CC
999 _c421891
_d421891